South Eastern Kenya University

Library Online Public Access Catalogue


Collaborative Web development : (Record no. 8328)

MARC details
000 -LEADER
fixed length control field 00697cam a22002294a 4500
001 - CONTROL NUMBER
control field 3576851
003 - CONTROL NUMBER IDENTIFIER
control field OSt
005 - DATE AND TIME OF LATEST TRANSACTION
control field 20150805084518.0
008 - FIXED-LENGTH DATA ELEMENTS--GENERAL INFORMATION
fixed length control field 990618s1999 maua 001 0 eng
010 ## - LIBRARY OF CONGRESS CONTROL NUMBER
LC control number 99036736
020 ## - INTERNATIONAL STANDARD BOOK NUMBER
International Standard Book Number 0201433311 (alk. paper)
040 ## - CATALOGING SOURCE
Original cataloging agency SEKU
042 ## - AUTHENTICATION CODE
Authentication code pcc
050 00 - LIBRARY OF CONGRESS CALL NUMBER
Classification number TK 5105.8
Item number .B8 1999
100 1# - MAIN ENTRY--PERSONAL NAME
Personal name Burdman, Jessica R.
245 10 - TITLE STATEMENT
Title Collaborative Web development :
Remainder of title strategies and best practices for Web teams
Statement of responsibility, etc. Jessica Burdman.
260 ## - PUBLICATION, DISTRIBUTION, ETC. (IMPRINT)
Place of publication, distribution, etc. Reading, Mass. :
Name of publisher, distributor, etc. Addison Wesley,
Date of publication, distribution, etc. c1999.
300 ## - PHYSICAL DESCRIPTION
Extent xvi, 251 p. :
Other physical details ill. ;
Dimensions 23 cm. +
Accompanying material 1 computer laser disc (4 3/4 in.)
650 #0 - SUBJECT ADDED ENTRY--TOPICAL TERM
Topical term or geographic name as entry element Web sites
General subdivision Design.
650 #0 - SUBJECT ADDED ENTRY--TOPICAL TERM
Topical term or geographic name as entry element Web publishing.
942 ## - ADDED ENTRY ELEMENTS (KOHA)
Source of classification or shelving scheme Library of Congress Classification
Koha item type General circulation
Holdings
Withdrawn status Lost status Source of classification or shelving scheme Damaged status Not for loan Home library Current library Shelving location Date acquired Source of acquisition Total Checkouts Full call number Barcode Date last seen Price effective from Koha item type Public note
    Library of Congress Classification     Main Campus Library Main Campus Library General Stacks 05/08/2015 Donation-Books for Africa   TK 5105.8 .B8 1999 2015/006822 05/08/2015 05/08/2015 General circulation amk
Kitui, Kenya.
+254736116989
library@seku.ac.ke